Estadísticas para Eliminación por Categoría - Geografía Asiática #1

Haz click aquí para intentar la prueba.

Estadísticas generales

  • Esta prueba ha sido intentada 2.479 veces
  • La puntuación promedio es 13 de 20

Estadísticas de respuestas

Grupo#Categoría% Correcto
Verde48Países de Asia
100%
Verde20... que tienen salida al mar
99%
Verde23... con al menos 20 millones de personas
99%
Verde5... que termina en "ia"
95%
Naranja48Ciudades capitales de Asia
89%
Naranja17... que contengan la letra E
85%
Azul48Países de Asia (por Bandera)
82%
Azul20... que tenga verde
81%
Morado96Países o Capitales de Asia
76%
Morado36... que contienen la letra S
74%
Verde1... y con menos de 6 letras en su nombreIndia
71%
Azul7... que tenga negro
65%
Morado15... que tenga 7 o menos letras en su nombre
63%
Azul3... que tiene al menos una estrella
52%
Naranja6... al sur del Trópico de Cáncer
39%
Azul1... y una franja rojaSiria
38%
Naranja3... con solo una palabra en su nombre
32%
Naranja1... y que se encuentre en una islaMalé
25%
Morado7... con menos de 2 millones de personas
17%
Morado1... y que tiene costaMascate
9%

Distribución de puntuación

Porcentaje por número respondido

Porcentaje de gente con cada puntuación

Historial de tus puntuaciones

No has intentado esta prueba.